000 00599nas a2200217 4500
001 BR9104416
003 BR-BrBNA
005 20231205092205.0
007 ta
008 230509b bl.|||p| |||| 00| 00por d
040 _aBR-BrBNA
_bpor
_cBiblioteca Nacional de Agricultura
041 _a(Pt)
072 _aE11
100 1 _aAnon.
245 1 _aParceria de roupa nova [arrendamento rural]
650 _aARRENDAMENTO
650 _aREFORMA AGRARIA
773 0 _tGuia Rural (Brazil)
_x
_g(Feb 1991), v. 5(2) p. 18-21
_wBR9104416
909 _a202311
_bLúcia
_c55
_dLúcia Elande
942 _2AGRIS
_n0
_cANA
999 _c129969
_d129969